Municípios da Região Metropolitana de Palmeira dos Índios (AL) no mapa - Statistics

Estatísticas Gerais
  • Esse quiz foi jogado 17 vezes
  • A pontuação média é 4 de 7
Respostas no mapa
Respostas codificadas por cores de uma escala verde-vermelha no mapa do quiz de acordo com a % correta abaixo.
 
Estatísticas das Respostas
Município % Correto
Palmeira dos Índios
100%
Belém
50%
Cacimbinhas
50%
Estrela de Alagoas
50%
Igaci
50%
Minador do Negrão
50%
Major Isidoro
40%
Nenhum quiz correspondente encontrado
Distribuição das Pontuações
Porcentagem de Pessoas com Cada Pontuação
Percentil de Números Respondidos
Sua Pontuação Histórica
Você não jogou esse quiz